000 00338nam a2200133Ia 4500
008 230312s9999||||xx |||||||||||||| ||und||
082 _a621.3
_bFLO
100 _aFloyed Thomas , L.
245 0 _aElectric Circuits Fundamentals
300 _a651
546 _aEng.
650 _aEngineering
_vComponents , Quantities and Units
942 _cBK
999 _c1458
_d1458